[Event "Heraklion op 24th"]
[Site "Heraklion"]
[Date "2018.09.10"]
[Round "9"]
[White "Karpatchev, Aleksandr"]
[Black "Lirindzakis, Timotheos"]
[Result "1-0"]
[WhiteElo "2433"]
[BlackElo "2143"]
[PlyCount "53"]
[EventDate "2018.09.03"]
[EventType "swiss"]
[EventRounds "9"]
[EventCountry "GRE"]
[SourceTitle "CBM 186 Extra"]
[Source "ChessBase"]
[SourceDate "2018.08.24"]
[SourceVersion "1"]
[SourceVersionDate "2018.08.24"]
[SourceQuality "1"]

1. e4 e5 2. Nf3 Nc6 3. d4 exd4 4. Bc4 Bc5 5. Ng5 Nh6 6. Nxf7 Nxf7 7. Bxf7+ Kxf7 8. Qh5+ g6 9. Qxc5 d5 10. 0-0 dxe4 11. c3 Re8 12. cxd4 Qxd4 13. Qg5 Kg8 14. Nc3 Bf5 15. Bf4 Qg7 16. Nd5 Rf8 17. Qh4 Rf7 18. Bg5 Qxb2 19. Nf6+ Rxf6 20. Bxf6 Qa3 21. Rab1 Rb8 22. Rb5 Be6 23. Qxe4 Qxa2 24. Re1 Bd7 25. Qd3 Qf7 26. Ba1 Re8 27. Rf1 1-0

[Event "Lueneburg op-A"]
[Site "Lueneburg"]
[Date "2018.07.12"]
[Round "8"]
[White "Stork, Oliver"]
[Black "Karpatchev, Aleksandr"]
[Result "1-0"]
[WhiteElo "2111"]
[BlackElo "2469"]
[PlyCount "103"]
[EventDate "2018.07.06"]
[EventType "swiss"]
[EventRounds "9"]
[EventCountry "GER"]
[SourceTitle "CBM 185 Extra"]
[Source "ChessBase"]
[SourceDate "2018.07.29"]
[SourceVersion "1"]
[SourceVersionDate "2018.07.29"]
[SourceQuality "1"]

1. c4 e5 2. g3 c6 3. Nf3 e4 4. Nd4 d5 5. cxd5 Qxd5 6. Nc2 Nf6 7. Nc3 Qh5 8. Ne3 Bb4 9. Qc2 Bxc3 10. Qxc3 0-0 11. b3 Nd5 12. Qd4 Nxe3 13. Qxe3 Re8 14. Bb2 f6 15. Bg2 Na6 16. 0-0 Nb4 17. Rac1 Nd5 18. Qd4 Bh3 19. Qc4 Kh8 20. Bxh3 Qxh3 21. e3 Rad8 22. Rcd1 Qh5 23. d3 Nc7 24. Qc2 Ne6 25. dxe4 Ng5 26. h4 Nf3+ 27. Kg2 Qg4 28. Rxd8 Nxh4+ 29. Kh2 Nf3+ 30. Kg2 Rxd8 31. e5 Ng5 32. f3 Qh3+ 33. Kg1 Qxg3+ 34. Qg2 Qh4 35. exf6 Nh3+ 36. Kh1 Nf4+ 37. Qh2 Qxh2+ 38. Kxh2 Rd2+ 39. Kg3 Nh5+ 40. Kg4 Nxf6+ 41. Bxf6 gxf6 42. Kf5 Kg7 43. Ke6 Rg2 44. e4 h5 45. f4 Rg4 46. Ke7 h4 47. e5 f5 48. e6 h3 49. Kd8 Rg2 50. Rd1 h2 51. e7 Rg1 52. Rd7 1-0

[Event "Lueneburg GM"]
[Site "Lueneburg"]
[Date "2018.07.08"]
[Round "4"]
[White "Lubbe, Nikolas"]
[Black "Karpatchev, Aleksandr"]
[Result "1-0"]
[WhiteElo "2463"]
[BlackElo "2469"]
[PlyCount "57"]
[EventDate "2018.07.05"]
[EventType "tourn"]
[EventRounds "9"]
[EventCountry "GER"]
[EventCategory "7"]
[SourceTitle "CBM 185 Extra"]
[Source "ChessBase"]
[SourceDate "2018.07.29"]
[SourceVersion "1"]
[SourceVersionDate "2018.07.29"]
[SourceQuality "1"]

1. Nf3 d5 2. e3 Nf6 3. c4 e6 4. b3 c5 5. Bb2 Nc6 6. cxd5 exd5 7. Bb5 Be7 8. Ne5 Qb6 9. Nc3 0-0 10. Nxc6 bxc6 11. Be2 c4 12. Na4 Qb5 13. 0-0 Bf5 14. Rc1 Bd3 15. Bxd3 cxd3 16. Bxf6 Bxf6 17. Qg4 Rfd8 18. Rc5 Qa6 19. Rfc1 Rac8 20. Qf5 Rd6 21. g3 g6 22. Qf4 Re6 23. Qb4 Be7 24. Qc3 Bf6 25. Ra5 Qb7 26. Qxd3 Qb4 27. Rxd5 Qa3 28. Rc2 Ree8 29. Rd7 1-0

[Event "Lueneburg op-A"]
[Site "Lueneburg"]
[Date "2018.07.08"]
[Round "4"]
[White "Sriram, Jha"]
[Black "Karpatchev, Aleksandr"]
[Result "1/2-1/2"]
[WhiteElo "2409"]
[BlackElo "2469"]
[PlyCount "31"]
[EventDate "2018.07.06"]
[EventType "swiss"]
[EventRounds "9"]
[EventCountry "GER"]
[SourceTitle "CBM 185 Extra"]
[Source "ChessBase"]
[SourceDate "2018.07.29"]
[SourceVersion "1"]
[SourceVersionDate "2018.07.29"]
[SourceQuality "1"]

1. Nf3 d5 2. g3 g6 3. Bg2 Bg7 4. d4 Nf6 5. 0-0 c6 6. c4 dxc4 7. a4 Ne4 8. Qc2 Nd6 9. e4 a5 10. Na3 Na6 11. Nxc4 Nb4 12. Nxd6+ exd6 13. Qd1 Bg4 14. h3 Bxf3 15. Bxf3 d5 16. Be3 1/2-1/2